Sports Quiz

Random Sports or NHL Quiz

NHL Penalties Quiz Stats

Quiz not verified by Sporcle

Score 0/17 Timer 10:00
0 Plays Today
% Correct
Boarding
94.6%
Elbowing
87.1%
Fighting
69.9%
Slashing
64.5%
Cross checking
50.5%
Goaltender interference
50.5%
High sticking
50.5%
Interference
46.2%
Tripping
44.1%
% Correct
Holding
41.9%
Spearing
39.8%
Hooking
36.6%
Roughing
35.5%
Diving
34.4%
Kneeing
30.1%
Checking from behind
18.3%
Clipping
7.5%

You're not logged in!

Compare scores with friends on all Sporcle quizzes.
Sign Up with Email
OR
Log In

You Might Also Like...

Show Comments

Extras

Top Quizzes Today


Score Distribution

Your Account Isn't Verified!

In order to create a playlist on Sporcle, you need to verify the email address you used during registration. Go to your Sporcle Settings to finish the process.

Report this User

Report this user for behavior that violates our Community Guidelines.

Details: